Metal cladding: assessing the thermal performance of built-up systems which use 'Z' spacers (Record no. 102409)

MARC details
000 -LEADER
fixed length control field 00867cam a2200241 4500
008 - FIXED-LENGTH DATA ELEMENTS--GENERAL INFORMATION
fixed length control field 000000n2002 000 0 eng u
020 ## - INTERNATIONAL STANDARD BOOK NUMBER
International Standard Book Number 1860815804
035 ## - SYSTEM CONTROL NUMBER
System control number (Sirsi) u119813
041 ## - LANGUAGE CODE
Language code of text/sound track or separate title eng
050 ## - LIBRARY OF CONGRESS CALL NUMBER
Classification number 693.7
100 ## - MAIN ENTRY--PERSONAL NAME
Personal name Ward, T.
110 ## - MAIN ENTRY--CORPORATE NAME
Corporate name or jurisdiction name as entry element Building Research Establishment
245 ## - TITLE STATEMENT
Title Metal cladding: assessing the thermal performance of built-up systems which use 'Z' spacers
260 ## - PUBLICATION, DISTRIBUTION, ETC.
Place of publication, distribution, etc. London
Name of publisher, distributor, etc. CRC Ltd
Date of publication, distribution, etc. 2002
300 ## - PHYSICAL DESCRIPTION
Extent 8p.
Other physical details ill.
Dimensions 30cm.
490 ## - SERIES STATEMENT
Series statement BRE Information Paper
Volume/sequential designation 10/02
520 ## - SUMMARY, ETC.
Summary, etc. Describes a method for determining the thermal performance of insulated double-skin metal roof and wall systems used in the UK that incorporate 'Z' spacers. SUPERSEDES IP 5/98 (1860812015)
650 ## - SUBJECT ADDED ENTRY--TOPICAL TERM
Topical term or geographic name entry element U-VALUES
650 ## - SUBJECT ADDED ENTRY--TOPICAL TERM
Topical term or geographic name entry element CLADDINGS
650 ## - SUBJECT ADDED ENTRY--TOPICAL TERM
Topical term or geographic name entry element THERMAL PERFORMANCE
690 ## - LOCAL SUBJECT ADDED ENTRY--TOPICAL TERM (OCLC, RLIN)
Topical term or geographic name as entry element BUILDING AND CONSTRUCTION-ENERGY
942 ## - ADDED ENTRY ELEMENTS (KOHA)
Suppress in OPAC 0
Holdings
Withdrawn status Lost status Source of classification or shelving scheme Damaged status Not for loan Home library Current library Shelving location Date acquired Total Checkouts Full call number Barcode Date last seen Copy number Price effective from Koha item type
    Dewey Decimal Classification     London London BRE publications 24/09/2002   ENQUIRY DESK 30066554 06/08/2019 1 06/08/2019 Book